| 000 | 01191nam a2200325 i 4500 | ||
|---|---|---|---|
| 001 | 000026156 | ||
| 003 | DO-SdBNP | ||
| 005 | 20250909151256.0 | ||
| 007 | ta | ||
| 008 | 110303s1979 dr a 000 0 spa d | ||
| 040 |
_aDO-SdBNP _bspa _cBNPHU _erda |
||
| 041 | _aspa | ||
| 082 | 4 |
_a930.1 _bO82a _222 |
|
| 100 | 1 |
_aOrtega, Elpidio _eautor _4aut. _916002 |
|
| 245 | 1 | 0 |
_aArqueología de la Casa del Cordón / _cElpidio Ortega, Carmen Fondeur. |
| 264 |
_aSanto Domingo, República Dominicana _bEditora Taller, _bFundación Ortega Álvarez INC., _c1979. |
||
| 300 |
_a97 páginas : _bilustraciones ; _c23 cm. |
||
| 336 |
_ardacontent _btexto _2txt |
||
| 337 |
_ardamedia _bsin mediación _2n |
||
| 338 |
_ardacarrier _bvolumen _2nc |
||
| 490 | 0 |
_aCientífica _v2 |
|
| 504 | _aBibliografía: páginas 95-97 | ||
| 505 | _aArqueología de la Casa del Cordón 1. Historia II. Las investigaciones arqueológicas -- III. El material arqueológico -- A. La porcelana -- | ||
| 590 | _aInventariado, 2025/DG | ||
| 650 | 4 |
_aArqueología _93985 _xHistoria |
|
| 700 | 1 |
_aFondeur, Carmen _eautor _4aut. _953141 |
|
| 710 | 2 |
_aFundación Ortega Álvarez INC. _953142 |
|
| 910 | _aDG | ||
| 942 |
_2ddc _cLBS1 |
||
| 999 |
_c25648 _d25648 |
||